000 02532cam a2200277 a 4500
001 14288
003 BD-JhCC
005 20250227120615.0
008 180424s2010 u a a 001 0 eng
020 _a9783030700805
035 _a(BD-JhCC)14288
040 _aDLC
_cDLC
_dDLC
_dBD-JhCC
041 _aeng
050 0 0 _aTK5105
_b.F6617 2010
082 0 0 _a004.6
_223
_bHER 2022
100 1 _a Herrero, Rolando
245 1 0 _a Fundamentals of loT Communication Technologies /
_cRolando Herrero
250 _a4th ed.
260 _aNew Delhi :
_bMcGraw-Hill,
_c2010.
300 _a249 p. :
_bill. ;
_c24 cm.
520 _aData communications and networking (sie) by behrouz forouzan is a comprehensive reference book for students pursuing their courses on networking. With detailed accounts on the data transmission protocols and networking, the book is a useful for various the engineering courses in communication, computer science, and it. Further, the book also finds usage as a preparatory material for the various other technology related courses too.this book starts with a detailed account on network models, thus providing the user with an ideal introduction on data transmission. The protocols and standards, as well as the physical structures of the networks are also discussed extensively here. The data communications and networking (sie) follows a descriptive pattern, thus engaging users of all kind.a number of diagrams and tabular representations are also included in the book, thus making it more useful for the reader. The much discussed osi model is also explained extensively with special emphasis on its layered architecture. Further, there are also chapters on bandwidth utilisation with multiplexing and spreading.to aid the electronic and communication students, the author has specifically included sections on switching, that emphasise on virtual circuit networks as well as circuit-switched networks. Also covered are topics such as wired lans, wireless lans, connecting lans, virtual lans, and multiple access.sections on congestion control, traffic management, and the methods to improve the quality of service can help to provide the reader a practical approach. Published in 2006 by McGraw-hill education, the fourth edition of this book comes in paperback. Key features: the contents are so arranged to ensure that it fulfills both the academic and research needs of the students.
650 0 _aData transmission systems.
650 0 _aComputer networks.
942 _2ddc
_cBK
999 _c14288
_d14288